| 000 | 00425nam a2200181Ia 4500 | ||
|---|---|---|---|
| 005 | 20240823062416.0 | ||
| 008 | 240823s9999||||xx |||||||||||||| ||und|| | ||
| 041 | _aENGLISH | ||
| 082 | _A604.2 N5 | ||
| 100 | _aGupta R B | ||
| 245 | 0 | _aMachine Drawing | |
| 250 | _a7th | ||
| 260 |
_c1995 _b"Saya Prakashan,New Delhi" |
||
| 500 | _aTRANSFERED | ||
| 650 |
_aMachine Drawing _bMechanical |
||
| 942 | _cBK | ||
| 999 |
_c235807 _d235807 |
||